000 00904 a2200241 4500
001 32080
005 20260407155621.0
008 260407a1961 arg spa d
003 AR-UNSa-BCEJYS
040 _aAR-UNSa-BCEJYS
_bspa
_cAR-UNSa-BCEJYS
080 _a658
_xAdministración de empresas. Organización comercial
245 1 0 _aCiencia de la administración
264 1 _aMadrid :
_bEdiciones Rialp
_c1961
300 _a577 p.
_c23 cm.
505 _a1. El campo de la ciencia de la administración - 2. Estructura de la organización administrativa - 3. Procedimiento de la organización administrativa - 4. El empleo público - 5. El estudio de la ciencia de la administración
041 _aspa
942 _cBK
590 _aniveau_biblio:m niveau_hierar:0
100 1 _aMosher, Frederick C.
700 1 _aCimmino, Salvatore
700 1 _aEscalante, José A.
700 1 _aAnson, Francisco
999 _c2242
_d2242